| 000 | 01146cam a22001934a 4500 | ||
|---|---|---|---|
| 005 | 20250605164121.0 | ||
| 008 | 250528s ||||||||||||||||||||||||d | ||
| 035 | _a18263 | ||
| 020 | _a958701466 | ||
| 040 |
_aGR-AtMCL _bgre _dGR-AtMCL _eAACR2 |
||
| 245 | 1 | _aAn Introduction to Research Methodology and Report Writing in Psychology | |
| 260 |
_bPineapple Press, _c1999 |
||
| 300 | _a508 | ||
| 520 | _aAll you ever wanted to know, or need to know, at least to get you started, about the science of psychology, research design, data description and analysis, and report writing. The Science of Psychology, Research Design, Measurement, Organizing and Displaying and Exploring Data, Central Tendency, Variability, The Normal Distribution, Correlation and Regression, Probability and Sampling Distributions, Hypothesis Testing, t-Tests, One-Way Independent Groups ANOVA, One-Way Repeated Measures ANOVA, Two-Way Independent Groups ANOVA, Nonparametric Tests, Report Writing, Example Report I, Example Report II, Answers to Exercises, Statistical Tables. | ||
| 700 | 1 |
_aTilley Andrew _94541 |
|
| 942 | _cBK | ||
| 999 |
_c3632 _d3632 |
||